00298nam a2200121Ia 4500008004100000100001500041245004100056260002700097300000800124650002000132942000700152999001700159190216s9999||||xx |||||||||||||| ||und|| aHumphery H 0aColeridge The Clark Lectures 1951-52 bLyall Book Depotc1968 a167 aEnglish Stories cBK c11989d11989